书目信息 |
| 题名: |
微表情心理学
|
|
| 作者: | 徐谦 编著 | |
| 分册: | ||
| 出版信息: | 北京 北京理工大学出版社 2012.2 |
|
| 页数: | 262页 | |
| 开本: | 24cm | |
| 丛书名: | ||
| 单 册: | ||
| 中图分类: | B842.6-49 | |
| 科图分类: | ||
| 主题词: | 表情--心理学--通俗读物 , 身势语--心理学--通俗读物 | |
| 电子资源: | ||
| ISBN: | 978-7-5640-5546-2 | |
| 000 | 00760nam0 2200241 45 | |
| 001 | 1359667577 | |
| 005 | 20130529082812.59 | |
| 010 | @a978-7-5640-5546-2@dCNY35.00 | |
| 100 | @a20130513d2012 em y0chiy50 ea | |
| 101 | 0 | @achi |
| 102 | @aCN@b110000 | |
| 105 | @ay z 000yy | |
| 106 | @ar | |
| 200 | 1 | @a微表情心理学@AWei Biao Qing Xin Li Xue@f徐谦编著@FXu Qian Bian Zhu |
| 210 | @a北京@c北京理工大学出版社@d2012.2 | |
| 215 | @a262页@d24cm | |
| 330 | @a本书从破解他人身体语言的一般准则和方法入手,给人以一双识人的慧眼,一把度人的尺子。 | |
| 606 | 0 | @a表情@x心理学@j通俗读物 |
| 606 | 0 | @a身势语@x心理学@j通俗读物 |
| 690 | @aB842.6-49@v5 | |
| 701 | 0 | @a徐谦@AXu Qian@4编著 |
| 801 | @aCN@bTANGWEI@c20130522 | |
| 905 | @b0832812-17@dB842.6-49@e1156@f6 | |
| 微表情心理学/徐谦编著.-北京:北京理工大学出版社,2012.2 |
| 262页;24cm |
| ISBN 978-7-5640-5546-2:CNY35.00 |
| 本书从破解他人身体语言的一般准则和方法入手,给人以一双识人的慧眼,一把度人的尺子。 |
| ● |
| 相关链接 |
|
|
|
|
正题名:微表情心理学
索取号:B842.6-49/1156
 
预约/预借
| 序号 | 登录号 | 条形码 | 馆藏地/架位号 | 状态 | 备注 |
| 1 | 0832812 | 208328120 | 第一样本阅览室/ [索取号:B842.6-49/1156] | 在馆 | |
| 2 | 0832813 | 208328139 | 教育系资料室/ [索取号:B842.6-49/1156] | 在馆 | |
| 3 | 0832814 | 208328148 | 教育系资料室/ [索取号:B842.6-49/1156] | 在馆 | |
| 4 | 0832815 | 208328157 | 教育系资料室/ [索取号:B842.6-49/1156] | 在馆 | |
| 5 | 0832816 | 208328166 | 第一借阅区/ [索取号:B842.6-49/1156] | 在馆 | |
| 6 | 0832817 | 208328175 | 教育系资料室/ [索取号:B842.6-49/1156] | 在馆 |